| 000 | 00399nam a22001457a 4500 | ||
|---|---|---|---|
| 005 | 20200523150912.0 | ||
| 008 | 200523b xxu||||| |||| 00| 0 eng d | ||
| 082 | _a340 | ||
| 110 |
_aThe All India Reporter Ltd. _95739 |
||
| 245 | _aThe All India Reporter 1985 (VOL-72) ORISSA Section | ||
| 260 |
_aBOMBAY _bThe All India Reporter Ltd. _c1985 |
||
| 300 | _a368p. | ||
| 650 |
_aLAW _95701 |
||
| 942 | _cJRL | ||
| 999 |
_c6458 _d6456 |
||